| 000 | 00759nam a2200205 a 4500 | ||
|---|---|---|---|
| 999 |
_c11419 _d11419 |
||
| 001 | 11419 | ||
| 003 | BD-JhCC | ||
| 005 | 20190912085041.0 | ||
| 008 | 190612b 1999bg |||| ||a| 000 0 ben d | ||
| 020 | _a9844014301 | ||
| 035 | _a(BD-JhCC)11419 | ||
| 040 |
_aBD-JhCC _dBD-JhCC |
||
| 041 | _aben | ||
| 082 |
_a954 _bSAI 1999 |
||
| 100 | _aসাঈদ, আবু আল | ||
| 245 |
_aসাতচল্লিশের অখন্ড বাংলা আন্দোলন : _bপূর্ব পাকিস্তান থেকে বাংলাদেশ / _cআবু আল সাঈদ । |
||
| 260 |
_aঢাকা: _bআগামী প্রকাশনী; _c১৯৯৯. |
||
| 300 |
_a১৪১ পৃ. : _c২২ সেমি. |
||
| 942 |
_2ddc _cBK |
||